Statistiche per Comuni della Provincia di Sondrio

Clicka qui per fare il quiz!

Statistiche generali

  • Questo quiz è stato fatto 52 volte
    (30 dall'ultimo reset)
  • Il punteggio medio è 54 su 77

Statistiche sulle risposte

Comune% Corretto
Ardenno
100%
Caspoggio
100%
Chiesa in Valmalenco
100%
Grosio
100%
Grosotto
100%
Livigno
100%
Morbegno
100%
Piateda
100%
Sondalo
100%
Sondrio
100%
Talamona
100%
Teglio
100%
Tirano
100%
Villa di Tirano
100%
Albosaggia
90%
Aprica
90%
Berbenno di Valtellina
90%
Bianzone
90%
Bormio
90%
Buglio in Monte
90%
Chiavenna
90%
Chiuro
90%
Cosio Valtellino
90%
Montagna in Valtellina
90%
Piantedo
90%
Ponte in Valtellina
90%
Caiolo
80%
Castione Andevenno
80%
Delebio
80%
Dubino
80%
Fusine
80%
Madesimo
80%
Poggiridenti
80%
Torre di Santa Maria
80%
Tresivio
80%
Villa di Chiavenna
80%
Andalo Valtellino
70%
Civo
70%
Lanzada
70%
Novate Mezzola
70%
Postalesio
70%
Tovo di Sant'Agata
70%
Traona
70%
Valfurva
70%
Val Masino
70%
Campodolcino
60%
Cino
60%
Colorina
60%
Lovero
60%
Rogolo
60%
Tartano
60%
Valdidentro
60%
Valdisotto
60%
Albaredo per San Marco
50%
Castello dell'Acqua
50%
Cedrasco
50%
Dazio
50%
Faedo Valtellino
50%
Forcola
50%
Mello
50%
Mese
50%
Piuro
50%
Rasura
50%
Bema
40%
Cercino
40%
Gerola Alta
40%
Gordona
40%
Mantello
40%
Mazzo di Valtellina
40%
Samolaco
40%
Verceia
40%
Prata Camportaccio
30%
San Giacomo Filippo
30%
Sernio
30%
Spriana
30%
Vervio
30%
Pedesina
20%

Distribuzione punteggi

Percentile per numero di risposta

Percentuale di utenti per punteggio

I tuoi punteggi nel tempo

Non hai fatto questo quiz dall'ultimo reset